| 000 | 00503nam a2200181Ia 4500 | ||
|---|---|---|---|
| 003 | GCL | ||
| 008 | 140319s9999 xx 000 0 eng d | ||
| 040 |
_aGCL / _cGCL |
||
| 082 | 0 | 4 |
_a620.106 _bM E |
| 100 | 1 | _aMOUSTAFA M ELSAYED | |
| 245 | 1 | 0 |
_aAN EXPERIMENTAL COURSE IN BASIC FLUID MECHANICS / _cMOUSTAFA M ELSAYED |
| 260 |
_aالرياض : _bKING ABDULAZIZ UNIVERSITY |
||
| 300 |
_a32 CM ؛ _c254 P |
||
| 650 | 0 | 4 | _aFLUIDS |
| 650 | 0 | 4 | _aFLUID MECHANICS |
| 650 | 0 | 4 | _aFLUID DYNAMICS |
| 942 |
_2ddc _cBK |
||
| 999 |
_c7030 _d7030 |
||